Newman Haas Racing Drivers CART/CHAMP/Indycar - Statistics

General Stats
  • This quiz has been taken 7 times
  • The average score is 12 of 18
Answer Stats
Nationality # of Races Driver % Correct
Brazil 39 Cristiano da Matta
100%
USA 185 Mario Andretti
100%
USA 173 Michael Andretti
100%
UK 31 Nigel Mansell
100%
Spain 32 Oriol Servia
100%
France 74 Sebastien Bourdais
100%
Brazil 50 Bruno Junqueira
75%
Brazil 118 Christian Fittipaldi
75%
Japan 17 Hideki Mutoh
75%
Canada 16 James Hinchcliffe
75%
Canada 17 Paul Tracy
75%
Netherlands 12 Robert Doornbos
75%
USA 53 Graham Rahal
50%
UK 17 Justin Wilson
50%
Australia 1 Alan Jones
25%
Brazil 12 Roberto Moreno
25%
Italy 1 Teo Fabi
25%
UK 1 Alex Lloyd
0%
No matching quizzes found
Score Distribution
Percent of People with Each Score
Percentile by Number Answered
Your Score History
You have not taken this quiz